| 000 | 00334nam a22000977a 4500 | ||
|---|---|---|---|
| 999 |
_c2746 _d2746 |
||
| 008 | 180611b ||||| |||| 00| 0 eng d | ||
| 100 | _aAmerican Philatelic Society | ||
| 245 | _aManual of philatelic judging (5th ed. 2002) | ||
| 260 |
_aState College, PA _bAmerican Philatelic Society _c2002 |
||
| 650 | _aExhibitions | Judging | Bibliographies | ||